header

Narratives of truth in Islamic law (Record no. 175913)

MARC details
000 -LEADER
fixed length control field 01343nam a2200349Ia 4500
082 04 - DEWEY DECIMAL CLASSIFICATION NUMBER
Classification number 340.59
245 00 - TITLE STATEMENT
Title Narratives of truth in Islamic law
260 ## - PUBLICATION, DISTRIBUTION, ETC. (IMPRINT)
Place of publication London :
Name of publisher I.B. Tauris,
Year of publication 2008.
300 ## - PHYSICAL DESCRIPTION
Number of Pages 382 p.
490 1# - SERIES STATEMENT
Series statement Library of Islamic law ;
650 #0 - SUBJECT ADDED ENTRY--TOPICAL TERM
Topical Term Truth
Topical Term Islamic law
700 1# - ADDED ENTRY--PERSONAL NAME
Personal name Dupret, Baudouin.
Personal name Moors, Annelies.
Personal name Drieskens, Barbara.
856 40 - ELECTRONIC LOCATION AND ACCESS
Uniform Resource Identifier http://site.ebrary.com/lib/rucke/Doc?id=10310800

No items available.

© 2026 Rongo University
Contact us: librarian | system librarian | Rongo university